Elementos para el estudio de la economía de la empresa turística
Saved in:
| Hovedforfatter: | |
|---|---|
| Format: | Bog |
| Sprog: | spansk |
| Udgivet: |
Madrid
Síntesis
1991
|
| Fag: | |
| Tags: |
Tilføj Tag
Ingen Tags, Vær først til at tagge denne postø!
|
MARC
| LEADER | 00000nam a2200000 a 4500 | ||
|---|---|---|---|
| 001 | UCG0846 | ||
| 003 | CL-VaPUC | ||
| 008 | 100408e19910000SP |||||||||||||||||spa|d | ||
| 020 | |a 8477380961 | ||
| 082 | 0 | 4 | |a 338.4791 |b FIG |2 21 |
| 100 | 0 | |a Figuerola Palomo, Manuel |e author |9 548481 | |
| 245 | 1 | 0 | |a Elementos para el estudio de la economía de la empresa turística |
| 300 | |a 367 p | ||
| 942 | |c BK | ||
| 945 | |d 20100408 00:00:00 |a dcastane | ||
| 260 | |a Madrid |b Síntesis |c 1991 | ||
| 650 | 0 | |a Turismo |9 308920 | |
| 650 | 0 | |a Industria turística |9 347913 | |
| 650 | 7 | |a ECONOMIA DEL TURISMO |2 CL-VaPUC |9 548482 | |
| 650 | 7 | |a TURISMO Y ECONOMIA |2 CL-VaPUC |9 548471 | |
| 650 | 7 | |a SERVICIOS TURISTICOS |2 CL-VaPUC |9 548483 | |
| 583 | |a last modification |c 20131230 05:28:27 |k Rodrigo Vera | ||
| 999 | |c 340364 |d 340362 | ||
| 952 | |0 0 |1 0 |4 0 |6 338_479100000000000_FIG_1991 |7 0 |8 A |9 435010 |a BIBING |b BIBING |d 2019-11-22 |i 4658493 |o 338.4791 FIG 1991 |p 4658493 |r 2025-01-20 |w 2019-11-22 |y BK |k GEO | ||